1095 1698 1732 1070 1063 1856 1607 1728 1123 1110 1045 1873 1275 1537 1523 1429 1537 1110 1999 1740 1545 1859 1238 1097 1581 1353 1090 1146 1868 1266 1269 1009 1822 1076 1300 1882 1411 1997 1326 1010 1302 1533 1589 1759 1363 1848 1720 1439 1977 1360 1331 1120 1983 1392 1211 1215 1766 1906 1428 1812 1689 1423 1517 1949 1377 1769 1551 1452 1005 1841 1246 1730 1805 1368 1299 1022 1840 1395 1307 1849 1653 1393 1506 1737 1689 1729 1634 1948 1093 1670 1495 1380 1138 1691 1120 1129 1156 1977 1367 BCNSPRNW ULIB Ver.6.0+V

เปลี่ยนเป็นภาษาไทย

Change to English
 แสดงรายละเอียดบรรณานุกรม
  กลับหน้าหลัก

Brief Record : Get Marc (ISO 2709) : E-mail record : QR code < ปิดหน้าต่าง
LEADER : 00000nam 2200000uu 4500
001    13399111980
003     ULIB
008    110627s2552||||th 000 0 tha d
020    9786110600132
090    นว.^bจ686พ 2552
100 0  เจ ที เอม
245 00 พันธสัญญาปริศนาของหัวใจ/^cเจ ที เอม
250    พิมพ์ครั้งที่ 1
260    กรุงเทพฯ :^bแจ่มใส,^c2552
300    216 หน้า
710 1  แจ่มใส
945    ^p159^l0^i026029
995    ทศพร
999 ^a ใช้งานได้ทุกระบบ
รายการนี้ยังไม่มีแท็ก
คุณยังไม่ได้ล็อกอิน คุณสามารถมีกิจกรรมร่วมกับเว็บไซต์ได้ แต่ต้องล็อกอินก่อน ::
  ล็อกอิน

รายการสื่อสารสนเทศ

ลำดับที่ ประเภท เลขเรียก/บาร์โค้ด สถานที่ สถานะ
- ไม่พบข้อมูล -

BibComment


ยังไม่เคยถูกคอมเมนท์

คอมเมนท์ทรัพยากรรายการนี้
  คอมเมนท์: พันธสัญญาปริศนาขอ..


 Copyright 2026. Bcnsprnw @Library